| 000 -LEADER | |
|---|---|
| fixed length control field | 00408nam a22001697a 4500 |
| 005 - DATE AND TIME OF LATEST TRANSACTION | |
| control field | 20180606112226.0 |
| 008 - FIXED-LENGTH DATA ELEMENTS--GENERAL INFORMATION | |
| fixed length control field | 160611b xxu||||| |||| 00| 0 eng d |
| 020 ## - INTERNATIONAL STANDARD BOOK NUMBER | |
| ISBN | 9788184120356 |
| 041 ## - LANGUAGE CODE | |
| Language code of text/sound track or separate title | eng |
| 082 ## - DEWEY DECIMAL CLASSIFICATION NUMBER | |
| Item number | 6833 |
| Classification number | 650.01513 |
| 100 ## - MAIN ENTRY--AUTHOR NAME | |
| Personal name | Veerna, A.P. |
| 245 ## - TITLE STATEMENT | |
| Title | Business Mathematics |
| 260 ## - PUBLICATION, DISTRIBUTION, ETC. (IMPRINT) | |
| Place of publication | New Delhi |
| Name of publisher | Asin Book Pvt. Ltd. |
| 300 ## - PHYSICAL DESCRIPTION | |
| Number of Pages | 784 |
| 650 ## - SUBJECT ADDED ENTRY--TOPICAL TERM | |
| Topical Term | Management |
| 942 ## - ADDED ENTRY ELEMENTS (KOHA) | |
| Koha item type | Books |
| Lost status | Damaged status | Collection code | Home library | Current library | Shelving location | Date acquired | Cost, normal purchase price | Full call number | Accession Number | Koha item type | Source of acquisition |
|---|---|---|---|---|---|---|---|---|---|---|---|
| MANAGEMENT | JRU Library | JRU Library | SHELF-75-D | 11/06/2016 | 450.00 | 650.01513 | 6833 | Books | |||
| MANAGEMENT | JRU Library | JRU Library | SHELF-75-D | 11/06/2016 | 450.00 | 650.01513 | 6834 | Books | |||
| Reference | JRU Library | JRU Library | SHELF-1-D | 11/06/2016 | 450.00 | 650.01513 | 6835 | Books | PURCHASE | ||
| JRU Library | SHELF-70 F | 11/06/2016 | 450.00 | 650.01513 | 6836 | Books | |||||
| MANAGEMENT | JRU Library | JRU Library | SHELF-75-D | 11/06/2016 | 450.00 | 650.01513 | 6837 | Books | |||
| MANAGEMENT | JRU Library | JRU Library | SHELF-75-D | 11/06/2016 | 450.00 | 650.01513 | 6838 | Books | |||
| MANAGEMENT | JRU Library | JRU Library | SHELF-75-D | 11/06/2016 | 450.00 | 650.01513 | 6839 | Books | |||
| MANAGEMENT | JRU Library | JRU Library | SHELF-75-D | 11/06/2016 | 450.00 | 650.01513 | 6840 | Books | |||
| MANAGEMENT | JRU Library | JRU Library | SHELF-75-D | 11/06/2016 | 450.00 | 650.01513 | 6841 | Books | |||
| MANAGEMENT | JRU Library | JRU Library | SHELF-75-D | 11/06/2016 | 450.00 | 650.01513 | 6842 | Books | |||
| MANAGEMENT | JRU Library | JRU Library | SHELF-75-D | 11/06/2016 | 450.00 | 650.01513 | 6843 | Books | |||
| MANAGEMENT | JRU Library | JRU Library | SHELF-75-D | 11/06/2016 | 450.00 | 650.01513 | 6844 | Books | |||
| MANAGEMENT | JRU Library | JRU Library | SHELF-75-D | 11/06/2016 | 450.00 | 650.01513 | 6845 | Books |